000 00623nam a2200193 i 4500
001 23680
003 ES-MaACL
005 20230906152920.0
007 t|
008 021211s1973 it ||||1| ita d
100 1 _aAmbruzzi, Lucio.
_921182
245 1 0 _aNuovo dizionario spagnolo-italiano e italiano-spagnolo /
_cLucio Ambruzzi.
250 _a[7. ed.].
260 _aTorino, etc. :
_bG.B. Paravia e Comp.,
_c[1973]
300 _a2 v. ;
_c24 cm.
650 0 0 _aLengua española-
_vDiccionarios-
_xItaliano.
_914143
650 0 0 _aLengua italiana-
_vDiccionarios-
_xEspañol.
_914287
852 _aES-MaACL
_jE-6488-9
_bR.90942
999 _c23680
_d23680